BIBLIOTHÈQUE DE LA MAISON DU MEXIQUE

Logo 1 Logo 2

El juicio al sujeto (notice nᵒ 38)

détails MARC
000 -Sello discográfico
campo de control de longitud fija 01252nam a2200361 4500
005 - Identificación de versión
campo de control 20251016081854.0
010 ## - Número Estándar Internacional de Libros (ISBN)
Número (ISBN) 968-842-252-5
035 ## - Otros números de control del sistema
Número de control del sistema 18365
099 ## - fechas locales
Tipo de ítem Koha LIBRO
100 ## - Datos de procesamiento general
Datos de procesamiento general 19930801d1990 m y1spay5003 ba
105 ## - Campo de datos codificados: Material textual, monográfico
Datos codificados de monografía y 001zy
200 1# - Título y mención de responsabilidad
Título propio El juicio al sujeto
Designación general del material texto impreso
Otra información del título un análisis global de los movimientos sociales
Primer mención de responsabilidad Immanuel Wallerstein, Andre Gunder Frank, Marta Fuentes ... [et al.]
Declaración de responsabilidad subsiguiente compiladores Rafael Guido Béjar y Otto Fernández Reyes
205 ## - Declaración de edición
Declaración de edición 1a ed
210 ## - Publicación, distribución, etc.
Lugar de publicación, distribución, etc. México
Nombre del editor, distribuidor, etc. Facultad Latinoamericana de Ciencias Sociales : Miguel Angel Porrúa
Fecha de publicación, distribución, etc. 1990
215 ## - Descripción física
Designación de material específico y extensión del ítem 172 p
Dimensiones 21 cm
345 ## - Nota de información de adquisición
Fuente de adquisición/dirección de la suscripción [OBSOLETO] Donación
410 #1 - Series
Título Colección Las Ciencias Sociales
606 ## - Término temático usado como materia
Elemento de entrada Cambio social
Número Koha 133
606 ## - Término temático usado como materia
Elemento de entrada Movimientos sociales
Número Koha 134
660 ## - Código de área geográfica
Código MX
700 ## - Nombre personal - Responsabilidad primaria
Elemento de entrada Wallerstein
Parte del nombre distinta del elemento de entrada Immanuel Maurice
Fechas 1930-2019
Número Koha 135
701 ## - Nombre personal - Responsabilidad alternativa
Elemento de entrada Frank
Parte del nombre distinta del elemento de entrada André Gunder
Fechas 1929-2005
Número Koha 136
701 ## - Nombre personal - Responsabilidad alternativa
Elemento de entrada Fuentes
Parte del nombre distinta del elemento de entrada Marta
Número Koha 137
702 ## - Nombre personal - Responsabilidad secundaria
Elemento de entrada Fernández Reyes
Parte del nombre distinta del elemento de entrada Otto
Número Koha 138
702 ## - Nombre personal - Responsabilidad secundaria
Elemento de entrada Guido Béjar
Parte del nombre distinta del elemento de entrada Rafael
Número Koha 139
801 #0 - Fuente de origen
Agencia cm
900 ## -
-- 1/10314
900 ## -
-- 710935984\\010893
942 ## - ELEMENTOS DE ENTRADA SECUNDARIOS (KOHA)
Tipo de ítem Koha Livre
996 ## -
-- MEX
-- 751145101
-- MMAG
-- 003379
-- 301.15 G948J
-- 20191004LIV
Exemplaires
Estatus retirado Estado de daño Estado de pérdida Fecha de adquisición Biblioteca de origen Biblioteca actual Ubicación en estantería Código de barras Precio de reemplazo Signatura topográfica completa No para préstamo Tipo de ítem Koha Nota pública Nota no pública
      05/08/2025 Casa México Paris Casa México Paris   003379 05/08/2025 301.15 G948J   Livre 20191004LIV 751145101